Normal view
MARC view
- RABIA QURESHI
Entry Personal Name
001 - CONTROL NUMBER
- control field: 70084
003 - CONTROL NUMBER IDENTIFIER
- control field: NUST
005 - DATE AND TIME OF LATEST TRANSACTION
- control field: 20210628204351.0
008 - FIXED-LENGTH DATA ELEMENTS
- fixed length control field: 210628|| aca||aabn | a|a d
040 ## - CATALOGING SOURCE
- Original cataloging agency: NUST
- Transcribing agency: NUST
100 ## - HEADING--PERSONAL NAME
- Personal name: RABIA QURESHI
670 ## - SOURCE DATA FOUND
- Source citation: Work cat.: (NUST): RABIA QURESHI., TH-SOF-1237-Designing Acceptance Test plan Template for acceptanc, 2015
